000 00182 a2200097 4500
020 _a9781594482571
041 _aeng
100 _aHearn Lian,
245 _aThe Harsh cry
942 _cBK
999 _c10666
_d10666